000 00805cam a2200193 a 4500
999 _c2987
_d2987
020 _a0256119937
050 0 0 _aHF5686.C7
_bF455 1993
100 1 _aFerris, Kenneth R.
245 1 0 _aFinancial accounting and corporate reporting :
_ba casebook /
_cKenneth R. Ferris.
250 _a3rd ed.
260 _aHomewood, IL :
_bIrwin,
_cc1993.
300 _axiii, 571 p. :
_bill. ;
_c25 cm.
505 _aThe fundamentals of accounting Revenue and expense recognition Asset valuation Equity valuation Funds flow and financial statement analysis Issues in corporate financial reporting Overview cases
650 0 _aCorporations
_xAccounting
_xCase studies.
650 0 _aFinancial statements
_xCase studies.
650 0 _aCorporation reports
_xCase studies.
650 0 _aAccounting
_xCase studies.
942 _cBK